El sentido de la democracia

Guardat en:
Dades bibliogràfiques
Autor corporatiu: Corporación de Estudios Nacionales (Autor)
Format: Llibre
Idioma:espanyol
Publicat: Santiago Coorporación de Estudios Nacionales 1986
Matèries:
Etiquetes: Afegir etiqueta
Sense etiquetes, Sigues el primer a etiquetar aquest registre!

MARC

LEADER 00000nam a2200000 a 4500
001 UCT7167
003 CL-VaPUC
005 20220802074453.0
008 970116e19860000cl 1 spa d
082 0 4 |a 321.4  |b COR  |2 21 
110 2 |a Corporación de Estudios Nacionales  |e author  |9 618166 
245 1 3 |a El sentido de la democracia 
260 |a Santiago  |b Coorporación de Estudios Nacionales  |c 1986 
300 |a 106 p 
583 |a last modification  |c 19970116 00:00:00  |k Rodrigo Vera 
650 0 0 |a Democracia  |9 255256 
650 0 7 |a SISTEMAS POLITICOS  |2 CL-VaPUC  |9 618167 
650 0 7 |a FILOSOFIA POLITICA  |2 CL-VaPUC  |9 618168 
650 0 0 |a Ciencias Políticas  |9 255201 
650 0 0 |a Partidos políticos  |9 254999 
650 0 0 |a Representación política   |9 362081 
651 7 |a CHILE  |2 CL-VaPUC  |9 618169 
942 |c BK 
945 |a paguirre  |d 19970116 00:00:00 
546 |a En Español 
518 |p El Sentido de la Democracia, Santiago, 19 y 20 de Marzo de 1986 
999 |c 382815  |d 382813 
952 |0 0  |1 0  |4 0  |6 321_400000000000000_COR_1986  |7 0  |8 A  |9 504706  |a BIBDER  |b BIBDER  |d 2020-01-23  |i 180703K  |o 321.4 COR 1986  |p 180703K  |r 2023-01-25  |w 2020-01-23  |y BK  |k DER